000 00514nam a2200169 i 4500
001 80865
003 ES-MaACL
005 20230906174322.0
007 t|
008 041102s1924 sp ||||1| spa d
100 1 _aHoussay, Bernardo A.
_964352
245 1 0 _aTiroides e inmunidad
_b: estudio crítico y experimental /
_cpor Bernardo A. Houssay y A. Sordelli.
260 _aMadrid ;
_aBuenos Aires :
_bCalpe,
_c1924.
300 _a113 p. ;
_c25 cm.
700 1 _aSordelli, A.
_9107328
852 _aES-MaACL
_jE-1293
999 _c80865
_d80865